00813 a2200181 4500010001400000020001100014035001300025037001800038082000800056090001500064245017500079260004500254270013200299300003400431942002300465999001500488952012800503 aENG-85694 c165.00 aEN-69227 bD.B.Act / Pub14a000 c3356d33561 aR. Gupta's popular master guide staff nurse recruitment exambexamination conducted by DSSSB, Railway recruitment Boards, Army Hospitals and oter major hospitals of India aNew DelhibRamesh Publishing Housec2008 a12-H, New Darya Ganj Road, Opp. Traffic KotwalibNew DelhicDelhi :e110002k23261647l23275124minfo@rameshpublishinghouse.com avarious pagingsc24 cm (pbk) adplcENk000 / RGU c3289d3289 00102ddc40718NFICaDBADbDBADeDBAD/PUBg165.00l0o000pEN-69227r2008-09-15 00:00:00t1u3503v165.00w2008-09-15yEN